|
|
|
|
| LEADER |
00000nab a2200000Iu 4500 |
| 001 |
vtls011127295 |
| 003 |
SK-MaSNL |
| 005 |
20260303171839.0 |
| 008 |
230218|1984 xo |||||||||||||||||slo| |
| 015 |
|
|
|a SNBRB
|
| 035 |
|
|
|a (uuid)bd2fd8b1-932e-4308-9bdd-46750c286385
|
| 035 |
|
|
|a (urnnbn)urn:nbn:sk:snk:ar-a09gan
|
| 035 |
|
|
|a urn:nbn:sk:snk-aba4vv
|
| 040 |
|
|
|a SNKBUCL
|b slo
|c SNKBUCL
|e AACR2
|
| 041 |
0 |
|
|a slo
|
| 044 |
|
|
|a xo
|c SK
|
| 080 |
|
|
|a 331.103
|2 2001
|
| 080 |
|
|
|a 331.101.26
|2 2001
|
| 100 |
1 |
|
|a Tabors, B. A.
|4 aut
|9 1196606
|
| 245 |
1 |
0 |
|a ZMENA FORIEM A METÓD ORGANIZÁCIE PRÁCE POD VPLYVOM VEDECKO-TECHNICKÉHO POKROKU
|c B. A. Tabors
|
| 650 |
0 |
7 |
|a organizácia práce
|2 SNKPH
|9 2330
|
| 650 |
0 |
7 |
|a ekonomika práce
|2 SNKPH
|9 49958
|
| 650 |
0 |
7 |
|a vedecko-technický pokrok
|2 SNK
|9 20466
|
| 773 |
0 |
|
|t Ekonomika práce : časopis pro otázky řízení a teorie práce
|g Č. 6 (1984), s. 40-42
|
| 954 |
|
|
|a odborná, vedecká literatúra pôvodná (slovenská)
|2 lita
|
| 958 |
|
|
|a OND
|
| 958 |
|
|
|a EUIPO
|
| 958 |
|
|
|a article13
|
| 999 |
|
|
|c 2083698
|d 2085628
|